| 000 | 00886nam a2200301Ia 4500 | ||
|---|---|---|---|
| 008 | 160803s9999 xx 000 0 und d | ||
| 020 | _a9780545154475 | ||
| 100 | _aHarlow, Joan Hiatt | ||
| 245 | _aBlown away! / | ||
| 245 | _cJoan Hiatt Harlow. | ||
| 260 | _aNew York : | ||
| 260 | _bScholastic Inc. | ||
| 260 | _c2007 | ||
| 300 | _a258 pages ; | ||
| 300 | _c19 cm | ||
| 500 | _aReprint. Originally published: New York : Margaret K. McElderry Books, ©2007. | ||
| 650 | _aFamilies -- Florida -- | ||
| 650 | _aFamily life -- Florida -- | ||
| 650 | _aFlorida Keys (Fla.) -- History -- 20th century -- | ||
| 650 | _aFriendship -- | ||
| 650 | _aHurricanes -- Florida -- Florida Keys -- | ||
| 650 | _xFiction. | ||
| 650 | _xJuvenile fiction. | ||
| 650 | _xJuvenile fiction. | ||
| 650 | _xJuvenile fiction. | ||
| 650 | _xJuvenile fiction. | ||
| 700 | _a730 | ||
| 999 |
_c299549 _d299549 |
||